Manual da auditoria interna / (Record no. 1060)

MARC details
000 -LÍDER
Campo Fixo de Controle 00690nam a22002297a 4500
001 - NÚMERO DE CONTROLE
Campo de Controle 1060
003 - IDENTIFICAÇÃO DO NÚMERO DE CONTROLE
Campo de Controle BR-CuiBMT
005 - DATA E HORA DA ÚLTIMA ATUALIZAÇÃO
Campo de Controle 20231127234939.0
008 - DADOS FIXOS
Dados Fixos 231127s2017 baba 000 0 por d
040 ## - AGÊNCIA CATALOGADORA
Código da Agência Catalogadora BR-CuiBMT
Agência que transcreveu o registro BR-CuiBMT
080 ## - Nº DA CLASSIFICAÇÃO DECIMAL UNIVERSAL
Nº edição CDU 2007
Nº Class. CDU 657.633
090 ## - NÚMERO DE CHAMADA
Nº classificação 657.633
Cutter B151m
110 10 - ENTRADA PRINCIPAL -- ENTIDADE
Nome da entidade ou lugar Bahia
Unidade subordinada Tribunal de Contas do Estado
245 10 - TÍTULO PRINCIPAL
Título principal Manual da auditoria interna /
Indicação de responsabilidade Tribunal de contas do Estado da Bahia.
260 ## - PUBLICAÇÃO, DISTRIBUIÇÃO, ETC.
Local de publicação Salvador :
Editora TCE,
Data 2017.
300 ## - DESCRIÇÃO FÍSICA
N. páginas ou volumes 148 p. :
Ilustrações il.
Dimensões 21 cm
504 ## - NOTA DE BIBLIOGRAFIA, ETC.
Nota de bibliografia inclui bibliografia.
650 ## - ASSUNTO TÓPICO
Cabeçalho tópico ou nome geográfico Auditoria interna
Subdivisão geográfica Brasil
650 ## - ASSUNTO TÓPICO
Cabeçalho tópico ou nome geográfico Controle interno
Subdivisão geográfica Brasil
650 ## - ASSUNTO TÓPICO
Cabeçalho tópico ou nome geográfico Administração pública
Subdivisão geral Controle
Subdivisão geográfica Brasil
942 ## - ELEMENTOS DE ENTRADA ADICIONAIS (KOHA)
Fonte de classificação ou esquema de arquivamento Classificação Decimal Universal
Tipo de item do Koha Livros
Holdings
Estado: removido Estado: perdido Fonte de classificação ou esquema de arquivamento Estado: danificado Indisponível para empréstimo Localização permanente Localização atual Data de aquisição Total Checkouts Número de Chamada completo Código de barras Date last seen Número do exemplar Preço efetivo a partir de Tipo de item (Koha)
    Classificação Decimal Universal     Biblioteca da Escola Superior de Contas do TCE/MT Biblioteca da Escola Superior de Contas do TCE/MT 22/08/2019   657.633 B151m BIBTCEMT23111185 27/11/2023 Ex. 1 27/11/2023 Livros

Powered by Koha